000 00616nam a2200205Ia 4500
003 GCL
008 140319s9999 xx 000 0 ara d
040 _aGCL /
_cGCL
082 0 4 _aق
_b932.02
_bع ع
100 1 _aعبدالقادر حمزة
245 1 0 _aعلى هامش التاريخ المصرى القديم /
_cعبدالقادر حمزة
260 _a[S.N] :
_bدار الكتب المصرية ،
_c1940
300 _a240 ص
490 _a
650 0 4 _aمصر
650 0 4 _aتاريخ
650 0 4 _aالحضارة الفرعونية
650 0 4 _aالاثار الفرعونية
942 _2ddc
_cBK
999 _c58654
_d58654